| Поле | Название | Значение |
| |
Тип записи |
a |
| |
Библиографический уровень |
a |
| 001 |
Контрольный номер |
RU/CBS_UL/BASE/9596ac9baf8d481c94bbc92063bcc53b |
| 005 |
Дата корректировки |
20260224155851.3 |
| 100 |
Данные общей обработки |
__ |
| a |
Данные общей обработки |
20260224 ||| 0rusy0189 ca |
| 101 |
Язык документа |
0_ |
| a |
Язык текста |
rus |
| 102 |
Страна публикации |
__ |
| a |
Страна публикации |
RU |
| 200 |
Заглавие и сведения об ответственности |
1_ |
| a |
Заглавие |
"Свержение истукана" |
| e |
Сведения, относящиеся к заглавию |
[воспоминания инженера К.С. Иванова о сносе памятника И. Сталину] |
| f |
Первые сведения об ответственности |
А. Сатарова |
| 300 |
Общие примечания |
__ |
| a |
Общие примечания |
16+ |
| 320 |
Библиография |
__ |
| a |
Библиография |
Библиогр.: с. 16 |
| 461 |
Уровень набора |
_0 |
| 1 |
|
2000 |
| a |
|
Родина |
| 463 |
Уровень физической единицы |
_0 |
| 1 |
|
2000 |
| a |
|
№ 2 |
| v |
|
С. 10-16 : фот. |
| 1 |
|
2101 |
| d |
|
2026 |
| 1 |
|
001RU/CBS_UL/BASE/79c277401e654ed09818eb16673f0eb1 |
| 600 |
Персоналии |
_1 |
| a |
Персоналии (Фамилия) |
Сталин |
| b |
Персоналии (Имя, инициалы) |
И.В. |
| 600 |
Персоналии |
_1 |
| a |
Персоналии (Фамилия) |
Иванов |
| b |
Персоналии (Имя, инициалы) |
К.С. |
| 606 |
Тематические рубрики |
0_ |
| a |
Основная рубрика |
Сталин, Иосиф Виссарионович (1879-1953) - Памятники |
| 610 |
Ключевые слова |
0_ |
| a |
Ключевые слова |
вожди советские |
| 610 |
Ключевые слова |
0_ |
| a |
Ключевые слова |
вожди советские, памятники И. Сталину, демонтажи памятников, культ личности, развенчивание культа личности, монументальное искусство, политика и пропаганда, мемуаристика |
| 686 |
Индексы других классификаций |
__ |
| 2 |
Код системы |
rubbk |
| a |
Классификационный индекс |
63.3(2)6-8 |
| 700 |
Автор |
_1 |
| a |
Фамилия |
Сатарова |
| b |
Имя (инициалы) |
А. |
| 801 |
Источник записи |
_0 |
| a |
Страна |
RU |
| b |
Организация |
МБУК ЦБС г. Ульяновска |
| c |
Дата составления |
20260224 |
| g |
Правила каталогизации |
RCR |
| 801 |
Источник записи |
_1 |
| a |
Страна |
RU |
| b |
Организация |
МБУК ЦБС г. Ульяновска |
| c |
Дата составления |
20260224 |
| g |
Правила каталогизации |
RCR |
| 901 |
Тип документа |
__ |
| t |
Тип документа |
b |
| w |
Контрольный № источника |
RU/CBS_UL/BASE/79c277401e654ed09818eb16673f0eb1 |
| 909 |
Создатель записи |
__ |
| a |
Создатель записи |
lib1 |